zpět

Detail výsledku týmu

Aladdin, Teplice

Datum a čas kvízu

33 Celkem bodů Celkový počet nahraných bodů na tomto kvízu bez doplňovacích otázek.
9. Pořadí na kvízu Konečné umístění týmu na tomto kvízu.

Zaznamenané odpovědi

# Otázka Odpověď Body Výsledky
1. Osm lidí včetně jednoho Čecha... v Burkině Faso 0
2. Nejen u nás, ale i v jedné sou... v Polsku 0
3. Minulou středu měla premiéru t... Naked Attraction 1
4. V letošním roce byla udělena N... C 0
5. V neděli se na pardubickém dos... Stumptown; Irsko 1
6. Rozdělení Římské říše mezi Hon... na konci 4. století 0
7. Ve 14. století Evropu sevřela... D 1
8. Podepsání Mnichovské dohody by... appeasement (politika appeasementu) 0
9. Jak se jednoslovně nazývá tent... Watergate 0
10. Jak moc velkou chybou byl či n... A 1